| 000 | 00586nam a2200181 a 4500 | ||
|---|---|---|---|
| 005 | 20140412111241.0 | ||
| 008 | 010427s19uu xx 00 eng d | ||
| 020 | _a0-7513-7002-9 | ||
| 050 |
_aTR(PS E _bMe46 1993 |
||
| 100 | _aWinter, Susan | ||
| 245 |
_aMe too / _cSusan Winter. |
||
| 260 |
_aLondon : _bDorling Kindersley, _c1993. |
||
| 300 | _a1v. (unp.) ; ill. | ||
| 520 | _aFamilies everywhere will recognize "Me too": the toddler who adores her older brother and tries to do everything he does. | ||
| 650 | _aSibling-Stories | ||
| 650 | _aChildren's story | ||
| 999 |
_c102728 _d102728 |
||